00308nam a22001217a 4500003000400000008004100004020001800045082001700063100002000080245003600100260004000136300001000176OSt240827b |||||||| |||| 00| 0 eng d a9788122310207 a294.59 bNAC aNAIR, shantha n aChoice of Ancient Indian Wisdom aNew Delhi:bHindoology Boks,c2008. a306p.